Mastering electronics /

Αποθηκεύτηκε σε:
Λεπτομέρειες βιβλιογραφικής εγγραφής
Κύριος συγγραφέας: Watson, John, 1944-
Μορφή: Βιβλίο
Γλώσσα:English
Έκδοση: England : Basingstoke, 1996.
Έκδοση:4th ed.
Θέματα:
Ετικέτες: Προσθήκη ετικέτας
Δεν υπάρχουν, Καταχωρήστε ετικέτα πρώτοι!
Thư viện lưu trữ: Mạng thư viện Đại học Đà Nẵng
LEADER 00837cam a2200337 i 4500
001 000046140
003 5416
005 20030807135641.0
008 010322b1996 vm 000 eng
020 |a 0333669703 
040 |a IRC  |c IRC  |d IRC 
041 0 |a eng 
082 1 4 |a 621.381  |b WA-J 
100 1 |a Watson, John,  |d 1944- 
245 0 0 |a Mastering electronics /  |c John Watson, 1944- 
250 |a 4th ed. 
260 |a England :  |b Basingstoke,  |c 1996. 
300 |a xi, 398p. :  |b ill. 
630 0 4 |a Electronics. 
650 0 4 |a Electronics. 
650 0 4 |a Electronic apparatus and appliances. 
OWN |a DUT 
999 |a From the UDN01 
TYP |a Monograph 
TYP |a Printed language 
980 |a Mạng thư viện Đại học Đà Nẵng